000 02330nam0a2200421 4500
001 RU\NLR\bibl\1656805
005 20260405174326.0
010 _a978-5-222-17423-4
_93000
021 _aRU
_b2010-44993
_93011
035 _a(nilc)RSL-KNO-004661010
035 _a(NLR Aleph) 001648105
090 _a904336
_c904336
100 _a20100622d2010 |||y0rusy50 ca
101 0 _arus
102 _aRU
105 _ay |||||||||
200 1 _aВсе правила русского языка
_e[справочник]
_fГайбарян О. Е., Кузнецова А. В.
205 _aИзд. 13-е
210 _aРостов-на-Дону
_cФеникс
_d2010
215 _a252, [1] с.
_d21
225 1 _aСерия "Здравствуй, школа!"
300 _aНа обл. авт. не указаны
320 _aБиблиогр.: с. 248
606 1 _aРусский язык
_jУчебные издания для средней школы
_xОрфография
_91542748
_3RU\NLR\auth\66973961
606 1 _aРусский язык
_jУчебные издания для средней школы
_xПунктуация
_91553672
_3RU\NLR\auth\66979547
610 0 _aФилологические науки. Художественная литература -- Языкознание -- Индоевропейские языки -- Славянские языки -- Восточнославянские языки -- Русский язык -- Преподавание и методика изучения языка -- Учебники и учебные пособия по отдельным аспектам языка -- Учебники и пособия по грамматике, орфографии и пунктуации -- Орфография -- Справочные издания
686 _aШ141.2-932.81я2
_2rubbk
686 _aШ141.12-922-81
686 _aШ141.12-922-227
700 1 _aГайбарян
_bО. Е.
_gОльга Ервандовна
_4070
701 1 _4070
_8rus
_7ca
_aКузнецова
_bА. В.
_cфилолог
_gАлександра Владимировна
_3RU\NLR\auth\7775585
_958513
801 0 _aRU
_bРГБ
_c20100622
_grcr
801 1 _aRU
_bРГБ
_c20100622
801 2 _aRU
_bNLR
_c20100720
_grcr
830 _aпо кн
942 _cBOOK
980 _aNB